Los elixires del diablo / (Record no. 80618)
[ view plain ]
| 000 -LEADER | |
|---|---|
| campo de control de longitud fija | 00585nam a2200181 i 4500 |
| 001 - NÚMERO DE CONTROL | |
| campo de control | 80618 |
| 003 - IDENTIFICADOR DE NÚMERO DE CONTROL | |
| campo de control | ES-MaACL |
| 005 - FECHA Y HORA DE LA ÚLTIMA TRANSACCIÓN | |
| campo de control | 20260318063015.0 |
| 007 - CAMPO FIJO DE DESCRIPCIÓN FÍSICA--INFORMACIÓN GENERAL | |
| campo de control de longitud fija | t| |
| 008 - DATOS DE LONGITUD FIJA--INFORMACIÓN GENERAL | |
| campo de control de longitud fija | 041028s1974 sp ||||1| spa d |
| 100 1# - ENTRADA PRINCIPAL--NOMBRE DE PERSONA | |
| Nombre de persona | Hoffmann, Ernst T. A. |
| Fechas asociadas al nombre | 1776-1822 |
| 9 (RLIN) | 242917 |
| 245 14 - MENCIÓN DEL TÍTULO | |
| Título | Los elixires del diablo / |
| Mención de responsabilidad, etc. | E.T.A. Hoffmann ; [prólogo, traducción y notas, Carmen Bravo-Villasante]. |
| 260 ## - PUBLICACIÓN, DISTRIBUCIÓN, ETC. | |
| Lugar de publicación, distribución, etc. | [Madrid : |
| Nombre del editor, distribuidor, etc. | CVS, |
| Fecha de publicación, distribución, etc. | 1974] |
| 300 ## - DESCRIPCIÓN FÍSICA | |
| Extensión | 302 p. ; |
| Dimensiones | 20 cm. |
| 700 1# - ENTRADA AGREGADA--NOMBRE PERSONAL | |
| Nombre de persona | Bravo-Villasante, Carmen, |
| Fechas asociadas al nombre | 1918-1994 |
| 9 (RLIN) | 31507 |
| 852 ## - LOCALIZACIÓN | |
| Ubicación | ES-MaACL |
| Número de control de estantería | A-5733 |
| Sublocalización o colección | R.94517 |
| Estatus retirado | Estado de pérdida | Estado de daño | No para préstamo | Biblioteca de origen | Biblioteca actual | Ubicación en estantería | Fecha de adquisición | Fuente de adquisición | Total de préstamos | Signatura topográfica completa | Código de barras | Visto por última vez | Precio de reemplazo | Tipo de ítem Koha |
|---|---|---|---|---|---|---|---|---|---|---|---|---|---|---|
| Biblioteca del Ateneo de Madrid | Biblioteca del Ateneo de Madrid | Sala Pecera Planta 1 | 17/01/2008 | A-5733 | 1084285 | 23/02/2023 | 23/02/2023 | Libro impreso |
